[Event "Oruro op 8th"]
[Site "Oruro"]
[Date "2022.05.05"]
[Round "1"]
[White "Veliz Quispe, Cindy Rocio"]
[Black "Monroy G, Javier A"]
[Result "0-1"]
[WhiteElo "1173"]
[BlackElo "2023"]
[PlyCount "104"]
[EventDate "2022.05.05"]
[EventType "swiss"]
[EventRounds "7"]
[EventCountry "BOL"]
[SourceTitle "CBM 208 Extra"]
[Source "ChessBase"]
[SourceDate "2022.07.31"]
[SourceVersion "1"]
[SourceVersionDate "2022.07.31"]
[SourceQuality "1"]

1. e4 e6 2. Nf3 d5 3. d3 c5 4. Be2 Nf6 5. Nc3 d4 6. Nb1 Nc6 7. c3 Qb6 8. Qb3 Bd6 9. Qxb6 axb6 10. Bg5 e5 11. Bxf6 gxf6 12. Nbd2 Rg8 13. Rg1 Be6 14. a3 b5 15. Bd1 b4 16. cxb4 cxb4 17. a4 Kd7 18. Bb3 b5 19. Bxe6+ fxe6 20. b3 bxa4 21. Rxa4 Rxa4 22. bxa4 Ra8 23. Nc4 Bc7 24. Nb2 b3 25. Ke2 Nb4 26. Nd2 Na2 27. Ndc4 Nc3+ 28. Kd2 Kc6 29. Ra1 Kc5 30. Kc1 Kb4 31. Nd2 Bd6 32. Nb1 Nxa4 33. Rxa4+ Rxa4 34. Nxa4 Kxa4 35. Kb2 Bb4 36. f3 Bc3+ 37. Kc1 f5 38. g4 fxg4 39. fxg4 Kb4 40. h3 Be1 41. Kb2 h6 42. Kc1 Bh4 43. Kb2 Bg5 44. Ka1 Bc1 45. h4 Ka4 46. g5 hxg5 47. hxg5 Bxg5 48. Kb2 Kb4 49. Na3 Bc1+ 50. Kxc1 Kxa3 51. Kb1 b2 52. Kc2 Ka2 0-1